000 00761nam a22002417a 4500
999 _c13887
_d13887
003 MIRAKIL
005 20200814101935.0
008 200814b tu ||||| |||| 00| 0 tur d
040 _aTR-AnCHP
_cTR-AnCHP
041 _atur
082 _a828.5
_bH24k 1979
100 _aHaley, Alex
245 1 0 _aKökler/
_cAlex Haley ; Türkçesi : Ali Seden, Nilgün Himmetoğlu.
250 _a2 bs.
260 _a[İstanbul] :
_bAltın Kitaplar,
_c1979.
300 _a495 s.:
_c20 sm.
490 0 _aAltın Kitaplar;
_aBelgesel dizi ;
_v18.
650 0 _96078
_aAmerikan edebiyatı
_xYaşam öyküsü
650 0 _96376
_aAfrikalı Amerikalılar
_xYaşam öyküsü
700 _96377
_aSeden, Ali
_eçev.
700 _96378
_aHimmetoğlu, Nilgün
_eçev.
942 _2ddc
_cBKS